LEADER 00900nam a2200193 i 4500 001 000000215215 003 CaOOAMICUS 005 20120816000000.0 008 120816s1770 it u000 u ita u 013 $a194087 026 $ae.m- 9.7. 0.c. p.*. (3) 1770 (R) - [*= paragrafo] 040 $aSeMil$bita 245 10$aDall'anno 795, sino all'anno 870. 300 $a[4], 400 p. 500 $aSegn. : pigreco2 A-2B8. 773 0 $aFleury, Claude <1640-1723>$tStoria ecclesiastica di monsignor Claudio Fleury, tradotta dal francese dal signor conte Gasparo Gozzi. Tomo 1. [-27.].$bNuova edizione riveduta, e corretta sul testo originale.$dIn Genova : Nella stamperia di Agostino Olzati, 1769-1783.$gTomo7$w()27229 850 $aSeMil 852 $aSeMil$W1$xVenegono$y1$m1ZD VII 17 FA$j165636$B165636$CSeMilBibl$Z2$F176581 $8I 996 $6245$aDall'anno 795, sino all'anno 870$9(OLS)http://semarc/title/309904 LEADER 01696nam a2200301 i 4500 001 000000113631 003 CaOOAMICUS 005 20250512092754.0 008 030328s1999 it u000 u ita u 020 $a88-7152-559-0 040 $aSeMil$bita 240 00$aBibbia. Antico Testamento. Salmi.$0(OLS)http://semarc/title/440940 245 00$aSalmi = Tehillim :$b«un canto ogni giorno, un canto per ogni giorno» /$cintroduzione, traslitterazione, traduzione italiana e note a cura di Fiorenza Monti Amoroso ; presentazione di Carlo Maria Martini. 264 1$aMilano :$bGribaudi,$c1999. 300 $a287 p. ;$c24 cm + [4] audiocassette. 500 $aContiene: Testo ebraico di tutti i salmi a fronte ; Traslitterazione in italiano di ogni versetto ; Introduzione sulla lingua e la grammatica ebraica ; Indicazioni bibliografiche per ulteriori approfondimenti 500 $aLe audiocassette sono collocate in ufficio (segnatura MM C 3) 650 4$aBibbia. Antico Testamento. Salmi - Traduzioni italiane.$0(OLS)http://semarc/subject/4467 700 1 $aMonti Amoroso, Fiorenza.$0(OLS)http://semarc/name/45556 700 1 $aMartini, Carlo Maria,$c.$0(OLS)http://semarc/name/89159 850 $aSeMil 852 $aSeMil$W1$xVenegono$y1$m2Z V 43$j69300$B69300$CSeMilBibl$Z2$F98008 $81 941 1 $a4 961 $aOmaggio: Martini Card. Carlo Maria 996 $6020$a88-7152-559-0$9(OLS)http://semarc/number/96674 996 $6245$aSalmi = Tehillim :$b«un canto ogni giorno, un canto per ogni giorno»$9(OLS)http://semarc/title/165935 996 $6264$aMilano :$bGribaudi$9(OLS)http://semarc/publisher/31240